Về phát âm tiếng nước ngoài trong các bản tin quốc tế phát sóng trên kênh VTV1 Đài Truyền hình Việt Nam /

Сохранить в:
Библиографические подробности
Главный автор: Trần Phúc Trung.
Формат: Статья
Язык:Vietnamese
Предметы:
Метки: Добавить метку
Нет меток, Требуется 1-ая метка записи!
Thư viện lưu trữ: Thư viện Trường Đại học Đà Lạt
LEADER 00877nam a2200277 4500
001 DLU190189852
005 ##20190318
040 # # |a DLU  |b vie 
041 # # |a vie 
044 # # |a vn 
100 # # |a Trần Phúc Trung. 
245 # # |a Về phát âm tiếng nước ngoài trong các bản tin quốc tế phát sóng trên kênh VTV1 Đài Truyền hình Việt Nam /  |c Trần Phúc Trung. 
653 # # |a Phát âm 
653 # # |a Phát thanh truyền hình 
653 # # |a Tiếng nước ngoài 
653 # # |a Truyền thông 
773 # # |t Ngôn ngữ & đời sống  |g Số 12(266), 2017, tr. 74-79 
920 # # |a Phòng Tạp chí -- Trung tâm Thông tin - Thư viện Trường Đại học Đà Lạt 
994 # # |a DLU 
900 # # |a True 
911 # # |a Hoàng Thị Huyền 
925 # # |a G 
926 # # |a A 
927 # # |a BB 
980 # # |a Thư viện Trường Đại học Đà Lạt